000
00293nam a22001337a 4500
008
170907b xxu||||| |||| 00| 0 eng d
020
_a
936712791
041
_a
eng
080
_2
20 ED
_a
72
100
_a
72
101
_a
ARK
245
_a
INDUSTRIAL VENTILATION
_c
BOX.[.O
942
_2
udc
_c
BK
999
_c
26520
_d
26520